Phương pháp dùng người của cha ông ta trong lịch sử
Giới thiệu những phương sách dùng người của ông cha ta từ nguồn gốc đến thời đại Lý-Trần, thời Lê-Trịnh và Tây Sơn; các chúa Nguyễn và triều Nguyễn với việc đào tạo, sử dụng nhân tài.
Đã lưu trong:
| Tác giả chính: | |
|---|---|
| Định dạng: | Sách |
| Năm xuất bản: |
H.
Chính trị quốc gia
1994.
|
| Chủ đề: | |
| Tags: |
Thêm thẻ
Không có thẻ, Hãy là người đầu tiên gắn thẻ bản ghi này!
|
| LEADER | 00906nam a2200169 4500 | ||
|---|---|---|---|
| 082 | |a 959.7 |b PH561s | ||
| 100 | |a Phan Hữu Dật chủ biên | ||
| 245 | |a Phương pháp dùng người của cha ông ta trong lịch sử |c Phan Hữu Dật chủ biên, Nguyễn Văn Khách, Lâm Bá Nam,... | ||
| 260 | |a H. |b Chính trị quốc gia |c 1994. | ||
| 300 | |a 152tr. |c 19cm. | ||
| 520 | |a Giới thiệu những phương sách dùng người của ông cha ta từ nguồn gốc đến thời đại Lý-Trần, thời Lê-Trịnh và Tây Sơn; các chúa Nguyễn và triều Nguyễn với việc đào tạo, sử dụng nhân tài. | ||
| 653 | |a Lịch sử | ||
| 653 | |a Việt Nam | ||
| 653 | |a Nhân tài | ||
| 942 | |2 ddc |c SH | ||
| 999 | |c 10087 |d 10087 | ||
| 952 | |0 0 |1 0 |2 ddc |4 0 |6 959_700000000000000_PH561S |7 0 |8 900 |9 78806 |a qbu |b qbu |c D5 |d 2015-07-17 |g 7500 |l 1 |o 959.7 PH561s |p 10163.c1 |r 2016-03-11 |s 2016-02-26 |w 2015-07-17 |y SH | ||